000
00334nam a2200145Ia 4500
008
191201s2012 xx 000 0 und d
082
_a
620.3
_b
GRM
100
_a
GROVER, G K
245
0
_a
Mechanical Vibrations
250
_a
Rep.
260
_a
Roorki
_b
Nem Chand
_c
2012
300
_a
446
650
_a
B.Tech(ME)
942
_2
ddc
_c
BK
_0
1
999
_c
3881
_d
3881